Statistics for English Scorers at the World Cup Finals

Click here to take the quiz!

General Stats

  • This quiz has been taken 72 times
    (31 since last reset)
  • The average score is 29 of 55

Answer Stats

World CupClub TeamAnswer% Correct
France 1998Newcastle UnitedAlan Shearer
97%
Mexico 1986EvertonGary Lineker
97%
Italy 1990Tottenham HotspurGary Lineker
97%
Brazil 2014Manchester UnitedWayne Rooney
93%
England 1966Manchester UnitedBobby Charlton
90%
Chile 1962Manchester UnitedBobby Charlton
90%
France 1998LiverpoolMichael Owen
90%
Japan & South Korea 2002LiverpoolMichael Owen
90%
Germany 2006LiverpoolSteven Gerrard
90%
South Africa 2010LiverpoolSteven Gerrard
90%
Japan & South Korea 2002Manchester UnitedDavid Beckham
87%
France 1998Manchester UnitedDavid Beckham
87%
Germany 2006Real MadridDavid Beckham
87%
France 1998Manchester UnitedPaul Scholes
83%
Brazil 2014LiverpoolDaniel Sturridge
80%
England 1966West Ham UnitedGeoff Hurst
80%
Mexico 1970West Ham UnitedGeoff Hurst
80%
Germany 2006ChelseaJoe Cole
80%
Italy 1990Aston VillaDavid Platt
73%
Germany 2006LiverpoolPeter Crouch
73%
Spain 1982Manchester UnitedBryan Robson
67%
South Africa 2010Tottenham HotspurJermain Defoe
67%
Japan & South Korea 2002Leeds UnitedRio Ferdinand
67%
Japan & South Korea 2002ArsenalSol Campbell
67%
Japan & South Korea 2002LiverpoolEmile Heskey
63%
Chile 1962Tottenham HotspurJimmy Greaves
63%
England 1966West Ham UnitedMartin Peters
63%
Mexico 1970Tottenham HotspurMartin Peters
63%
Italy 1990Derby CountyMark Wright
57%
Mexico 1986Newcastle UnitedPeter Beardsley
57%
South Africa 2010West Ham UnitedMatthew Upson
50%
England 1966LiverpoolRoger Hunt
50%
Russia 2018Tottenham HotspurHarry Kane
47%
Sweden 1958Preston North EndTom Finney
47%
Switzerland 1954Preston North EndTom Finney
47%
France 1998Tottenham HotspurDarren Anderton
43%
Spain 1982Ipswich TownPaul Mariner
43%
Mexico 1970Leeds UnitedAllan Clarke
30%
Mexico 1970Tottenham HotspurAlan Mullery
27%
Switzerland 1954Bolton WanderersNat Lofthouse
27%
Brazil 1950BlackpoolStan Mortensen
23%
Spain 1982Manchester CityTrevor Francis
23%
Sweden 1958FulhamJohnny Haynes
20%
Russia 2018Tottenham HotspurDele Alli
13%
Russia 2018Manchester UnitedJesse Lingard
10%
Chile 1962WolvesRon Flowers
10%
Sweden 1958West Bromwich AlbionDerek Kevan
7%
Brazil 1950MiddlesbroughWilf Mannion
7%
Switzerland 1954WolvesDennis Wilshaw
3%
Chile 1962Inter MilanGerry Hitchens
3%
Russia 2018Leicester CityHarry Maguire
3%
Switzerland 1954Newcastle UnitedIvor Broadis
3%
Switzerland 1954WolvesJimmy Mullen
3%
Russia 2018Manchester CityJohn Stones
3%
Russia 2018Tottenham HotspurKieran Trippier
0%

Score Distribution

Percentile by Number Answered

Percent of People with Each Score

Your Score History

You have not taken this quiz since the last reset